Hurwitz (Registro nro. 239746)
[ vista simple ]
| 000 -ENCABEZADO | |
|---|---|
| Número de control [NR] | 00960nam a2200265Ma 4500 |
| 005 - FECHA Y HORA DE LA ÚLTIMA TRANSACCIÓN | |
| control field | 20180313062219.0 |
| 008 - DE LONGITUD FIJA DE DATOS DE ELEMENTOS - INFORMACIÓN GENERAL | |
| Elementos de longitud fija [NR] | 131122s2014 sp ao frn 001 0 spa d |
| 020 ## - NUMERO INTERNACIONAL NORMALIZADO PARA LIBROS [R] | |
| Número Internacional Normalizado del libro [NR] | 9788471019516 |
| 040 ## - FUENTE DE CATALOGACION [NR] | |
| Agencia de catalogación original [NR] | Co-BoUCM |
| Idioma de catalogación [NR] | spa |
| Quien Cataloga | |
| Quien Clasifica | Aldemar Mondragón |
| 041 1# - CODIGO DE IDIOMA [R] | |
| Código de idioma para texto/pista de sonido o título separado [R] | Español |
| 060 ## - SIGNATURA TOPOGRAFICA DE LA BIBLIOTECA NACIONAL DE MEDICINA (NLM) [R] | |
| Número clasificador [R] | WS 340 |
| 100 1# - ASIENTO PRINCIPAL--NOMBRE PERSONAL [NR] | |
| Nombre personal [NR] | Paller, Amy S. |
| ID Autoridad | 57224 |
| 245 10 - MENCION DE TITULO [NR] | |
| Título [NR] | Hurwitz |
| Parte restante del título [NR] | dermatología pediátrica : texto de enfermedades de la piel en niños y adolescentes |
| Mención de responsabilidad, etc. [NR] | Amy S. Paller, Anthony J. Mancini |
| 260 ## - PUBLICACION, DISTRIBUCION, ETC. (PIE DE IMPRENTA) [R] | |
| Lugar de publicación, distribución, etc. [R] | Madrid (España) |
| Nombre del editor, distribuidor, etc. [R] | Marbán |
| Fecha de publicación, distribución, etc. [R] | 2014 |
| 300 ## - DESCRIPCION FISICA [R] | |
| Extensión [R] | viii, 1166 páginas |
| Otros detalles físicos [NR] | ilustraciones y fotos |
| 500 ## - NOTA GENERAL [R] | |
| Nota general [NR] | Incluye índice |
| 650 #7 - ASIENTO SECUNDARIO DE MATERIA - TERMINO TEMATICO [R] | |
| Término temático o nombre geográfico como elemento de entrada [NR] | Dermatología pediátrica |
| 9 (RLIN) | 57225 |
| 650 #7 - ASIENTO SECUNDARIO DE MATERIA - TERMINO TEMATICO [R] | |
| Término temático o nombre geográfico como elemento de entrada [NR] | Dermatología |
| 9 (RLIN) | 57664 |
| 650 #7 - ASIENTO SECUNDARIO DE MATERIA - TERMINO TEMATICO [R] | |
| Término temático o nombre geográfico como elemento de entrada [NR] | Enfermedades de la piel |
| 9 (RLIN) | 14307 |
| 650 #7 - ASIENTO SECUNDARIO DE MATERIA - TERMINO TEMATICO [R] | |
| Término temático o nombre geográfico como elemento de entrada [NR] | Pediatría |
| 9 (RLIN) | 21221 |
| 690 ## - ASUNTO AGREGADO LOCAL DE ENTRADA - TÉRMINO TEMÁTICO (OCLC, RLIN) | |
| 9 (RLIN) | 42897 |
| Acceso temático local | Pediatría |
| 700 1# - ASIENTO SECUNDARIO - NOMBRE PERSONAL [R] | |
| Nombre personal [NR] | Mancini, Anthony J. |
| 9 (RLIN) | 57226 |
| 765 0# - ASIENTO DE IDIOMA ORIGINAL [R] | |
| Título [NR] | Hurwitz clinical pediatric dermatology |
| 942 ## - ELEMENTOS DE ENTRADA AGREGADOS (KOHA) | |
| Tema principal | Medicina |
| Tipo de ítem principal el descrito en 300a | Libro |
| Edición | 1 |
| Parte restante de la signatura top. | P166h |
| Sistema de clasificación | NLM |
| Clasificación | WS 340 |
| Título oculto en OPAC | No |
| Fecha de último préstamo | Total préstamos | Total Renewals | Signatura topográfica | Código de barras | Última vez visto | Ejemplar | Costo de reposición | Price effective from | Tipo de ítem | Perdido | Sistema de clasificación | Dañado | No prestable | Tipo de ítem específico | Suprimido | Ubicación habitual | Ubicación actual | Localización | Fecha de creación | Proveedor | Forma de adquisición | Costo |
|---|---|---|---|---|---|---|---|---|---|---|---|---|---|---|---|---|---|---|---|---|---|---|
| 08/11/2019 | 7 | 9 | WS 340 P166h | 200026255 | 12/12/2025 | Ej.1 | 74880.00 | 24/02/2014 | Libro | NLM | Libro | Quinta de Mutis | Quinta de Mutis | 2do piso | 24/02/2014 | 17 | Compra | 74880.00 |